La mujer a través de la literatura universal / (Record no. 109401)
[ view plain ]
| 000 -LEADER | |
|---|---|
| campo de control de longitud fija | 01455nam a2200277 i 4500 |
| 001 - NÚMERO DE CONTROL | |
| campo de control | 109401 |
| 003 - IDENTIFICADOR DE NÚMERO DE CONTROL | |
| campo de control | ES-MaACL |
| 005 - FECHA Y HORA DE LA ÚLTIMA TRANSACCIÓN | |
| campo de control | 20250918184240.0 |
| 007 - CAMPO FIJO DE DESCRIPCIÓN FÍSICA--INFORMACIÓN GENERAL | |
| campo de control de longitud fija | t| |
| 008 - DATOS DE LONGITUD FIJA--INFORMACIÓN GENERAL | |
| campo de control de longitud fija | 061121q1955 sp r ||||1| spa d |
| 080 ## - NÚMERO DE LA CLASIFICACIÓN DECIMAL UNIVERSAL | |
| Número de la Clasificación Decimal Universal | 82-31-055.2 |
| 245 03 - MENCIÓN DEL TÍTULO | |
| Título | La mujer a través de la literatura universal / |
| Mención de responsabilidad, etc. | textos de Gaspar Gil Polo, Miguel de Cervantes Saavedra, Agustín de Moreto ... [et. al.] ; prólogo-introducción del Excmo. Sr. D. José María Pemán y Pemartín. |
| 260 ## - PUBLICACIÓN, DISTRIBUCIÓN, ETC. | |
| Lugar de publicación, distribución, etc. | Barcelona : |
| Nombre del editor, distribuidor, etc. | Dux, |
| Fecha de publicación, distribución, etc. | [ca. 1955] |
| 300 ## - DESCRIPCIÓN FÍSICA | |
| Extensión | XI, 795 p., 10 lám. ; |
| Dimensiones | 25 cm. |
| 490 1# - MENCIÓN DE SERIE | |
| Mención de serie | Colección suprema |
| 505 8# - NOTA DE CONTENIDO CON FORMATO | |
| Nota de contenido con formato | Contiene: La Diana enamorada / Gaspar Gil Polo . Las dos doncellas / Miguel de Cervantes . No puede ser guardar una mujer / Agustín de Moreto . La señorita de Scuderi / Amadeo E. Hoffman . Petrilla / Honorato de Balzac . La mujer / Severo Catalina . Amor de salvación / Camilo Castello Branco . La promesa / Gustavo Adolfo Bécquer . La gaviota / Fernán Caballero . Ra-ra-hú / Pierre Loti. |
| 599 ## - NOTA A LAS ILUSTRACIONES | |
| NOTA A LAS ILUSTRACIONES | Ilustrado con 10 reproducciones en negro y color |
| 650 #4 - PUNTO DE ACCESO ADICIONAL DE MATERIA--TÉRMINO DE MATERIA | |
| Término de materia o nombre geográfico como elemento de entrada | Mujeres- |
| Subdivisión general | En la literatura. |
| 9 (RLIN) | 15271 |
| 700 1# - ENTRADA AGREGADA--NOMBRE PERSONAL | |
| Nombre de persona | Gil Polo, Gaspar. |
| 9 (RLIN) | 56862 |
| 700 1# - ENTRADA AGREGADA--NOMBRE PERSONAL | |
| Nombre de persona | Moreto, Agustín, |
| Fechas asociadas al nombre | 1618-1669 |
| 9 (RLIN) | 83478 |
| 700 1# - ENTRADA AGREGADA--NOMBRE PERSONAL | |
| Nombre de persona | Pemán, José María, |
| Fechas asociadas al nombre | 1897-1981 |
| 9 (RLIN) | 90130 |
| 700 1# - ENTRADA AGREGADA--NOMBRE PERSONAL | |
| Nombre de persona | Cervantes Saavedra, Miguel de, |
| Fechas asociadas al nombre | 1547-1616 |
| 9 (RLIN) | 226514 |
| 830 1# - PUNTO DE ACCESO ADICIONAL DE SERIE-TÍTULO UNIFORME | |
| Título uniforme | Colección suprema |
| 9 (RLIN) | 232981 |
| 852 4# - LOCALIZACIÓN | |
| Ubicación | ES-MaACL |
| Número de control de estantería | C-12814 |
| Estatus retirado | Estado de pérdida | Estado de daño | No para préstamo | Biblioteca de origen | Biblioteca actual | Ubicación en estantería | Fecha de adquisición | Fuente de adquisición | Total de préstamos | Signatura topográfica completa | Código de barras | Visto por última vez | Precio de reemplazo | Tipo de ítem Koha |
|---|---|---|---|---|---|---|---|---|---|---|---|---|---|---|
| Biblioteca del Ateneo de Madrid | Biblioteca del Ateneo de Madrid | Sala Palomar | 17/01/2008 | C-12814 | 1114151 | 23/02/2023 | 23/02/2023 | Libro impreso |
